01029cam a22002537a 4500003000500000005001700005008004100022010001000063011001000073020001500083035001000098040000900108100003500117245024600152260005900398300002000457490007800477650003300555650002200588700002600610700003500636700002600671830007800697CHAP20220329142443.0010307d1997 mx r 00110 esp d a83728 a84700 a9686392308 a95226 cCHAP00aRodríguez Muñoz, Gregoria.10aPolíticas de desarrollo rural y estrategias de reproducción social de los grupos domésticos campesinos de San Miguel de la Labor, municipio de San Felipe del Progreso, México :b1985-1994c/por Gregoria Rodríguez Muñoz (y otros). aMontecillo, Méx. :bColegio de Postgraduados,c1997. a20 p. :bcuads. 0aComunicaciones en socioeconomía, estadística e informáticav; 1 (3)14aCampesinadoxMéxico (Edo.)14aDesarrollo rural.0 aLiendo Vera, Isidoro.0 aNiño Velázquez, Edilberto.0 aZapata Martelo, Emma.00aComunicaciones en socioeconomía, estadística e informáticav; 1 (3)